000 00296 a2200121 4500
005 20250625095759.0
082 _a658MBU.
100 _aMBURA. O. K. L.
245 _aIntroduction To Business Manual
260 _aDodoma,
_bUnpublished
_c2005.
300 _a123p.; ill, figure
_c29cm
942 _2ddc
_cBKS
999 _c4992
_d4992